Score 0/25 Timer 06:00
0 Plays Today
% Correct
gay
88.6%
ass
81.4%
midget
78.6%
oriental
78.6%
pee
78.6%
thug
77.1%
barf
75.7%
damn
74.3%
mohawk
72.9%
crap
71.4%
boner
65.7%
poop
64.3%
retarded
62.9%
% Correct
bugger
61.4%
niggard
60%
****
58.6%
fag
57.1%
dyke
54.3%
uppity
52.9%
weenie
51.4%
gyp
47.1%
gangsta
38.6%
redskin
38.6%
frig
37.1%
butthead
32.9%
Remove Ads.
Support Sporcle.
Get the best of Sporcle when you Go Orange. This ad-free experience offers more features, more stats, and more fun while also helping to support Sporcle. Thank you for becoming a member.

You're not logged in!

Compare scores with friends on all Sporcle quizzes.
OR
Log In

Show Comments

Extras

Top Quizzes Today


Score Distribution

Your Account Isn't Verified!

In order to create a playlist on Sporcle, you need to verify the email address you used during registration. Go to your Sporcle Settings to finish the process.

Report this User

Report this user for behavior that violates our Community Guidelines.

Details: